Normal view
MARC view
Entry Personal Name
001 - CONTROL NUMBER
- control field: 11131
003 - CONTROL NUMBER IDENTIFIER
- control field: OSt
005 - DATE AND TIME OF LATEST TRANSACTION
- control field: 20220114143309.0
008 - FIXED-LENGTH DATA ELEMENTS
- fixed length control field: 220114|| aca||aabn | a|a d
040 ## - CATALOGING SOURCE
- Original cataloging agency: OSt
- Transcribing agency: OSt
100 ## - HEADING--PERSONAL NAME
- Personal name: LINUX FOR YOU-MAY2009
670 ## - SOURCE DATA FOUND
- Source citation: Work cat.: (OSt): LINUX FOR YOU-MAY2009, PC Linux05 2009-01,kernel 2.6.26.8,tex 3,KDE 3.5.10,Open off